Qui me connait le mieux ? - Statistiques

Statistiques générales
  • Ce quiz a été pris 79 fois
  • Le résultat moyen est 3 sur 15
Statistiques - réponses
Question Réponse % Correct
Quelle est ma phobie ? Araignée
59%
Dans quelle maison je serais si j'étais dans l'univers d'Harry Potetr Gryffondor
34%
Quel est l'équipe de foot que je supporte ? PSG
34%
Depuis combien de temps je connais ma meilleure amie ? 11 ans
31%
Comment j'appelerai mon enfant si j'ai une fille plus tard ? Alba
24%
Quel est mon talent caché ? Je sais imiter le cri de la mouette
24%
Quel sport n'ai-je pas pratiqué en club ? Rugby
24%
Quel est le montant du virement que je me suis fait avec WeWard ? 20 €
21%
Comment je me suis cassée le tibia ? En tombant en skate
21%
Depuis combien de temps je suis scoute ? 13 ans
17%
Quel est mon groupe de musique québécois préféré ? (il y en a un qui n'existe pas) Les Cowboys Fringuants
17%
Quelle est ma boisson préférée ? Rosé
17%
Quelle est ma chanson préférée ? Grandiose - Pomme
10%
Comment s'appelle mon père ? Marco
10%
Quel est mon livre préféré ? Les choses humaines - Karine Tuil
3%
Aucun quiz correspondant
Distribution des résultats
% des personnes avec chaque résultat
Percentile par nombre de réponses
Votre historique - résultats
Vous n’avez pas pris ce quiz